000 00460nam a2200181Ia 4500
001 3801
005 20260306145710.0
008 260306t2019||||xx |||||||||||||| ||spa||
041 _aESP
082 _a303.483
_bD75
100 _aDiéguez, Antonio
_eAUT
245 0 _aTranshumanismo:
_bla búsqueda tecnológica del mejoramiento humano
260 _c2019
300 _a243 páginas :
_c22 cm.
650 _aGEN
654 _aCHU
942 _cLIB
_dJUS
_fJUS
_2ddc
_n
999 _c3801
_d3801